000 00782nam2a22002171 4500
001 rc\165705
005 20250621061509.0
035 _a(NLR Aleph) 005616086
090 _a6455924
_c6455924
100 _a20030307d1992 |||y0rusy50 ca
101 0 _arus
102 _aRU
105 _ay |||||||||
200 0 _aТ. 1
_f[Пер. с англ. Т. Озерской]
215 _a495 с.
461 0 _1001rc\165704
_12001#$aУнесенные ветром$e[Роман$eВ 2 т.]$vТ. 1
_1700#1$aМитчелл$bМ.$gМаргарет$f1900-1949
_96455916
_aМитчелл, М. (1900-1949)
_cМ.
_d1992
_nДом
_o[Роман : В 2 т.]
_tУнесенные ветром
_vТ. 1
801 0 _aRU
_bNLR
_gpsbo
801 1 _aRU
_bELAR
_2rusmarc
852 _aNLR
_j92-5/3036
942 _cBOOK
980 _aNB